Responses for Show #3553 - Wednesday, February 2, 2000

Contestants

[<< previous game]

Ed Friesema, a graduate student from La Jolla, California

Angela Toussaint, a schoolteacher from West Roxbury, Massachusetts

Amanda Yuzzi, a federal employee from Atlanta, Georgia (whose 1-day cash winnings total $5,800)

[next game >>]

Jeopardy! Round responses

IT HAPPENED ON GROUNDHOG DAY
12-LETTER WORDS
SEATTLE
DAN RATHER
WHAT'S THE FREQUENCY?
KENNETHS
    $100 21
Virginia

Angela
    $100 1
Cockleshells

Ed
    $100 2
Rain

Angela
    $100 3
60 MInutes

Triple Stumper
    $100 11
Once a year

Ed
    $100 4
Kenneth Starr

Amanda
    $200 22
Violin

Ed
    $200 7
Architecture

Angela
    $200 17
Tacoma

Angela
    $200 27
Texas

Triple Stumper
    $200 12
Every 2 years

Amanda
    $200 5
Kenny Rogers

Amanda
    $300 24
(Amanda: Who is Ritchie Valens?)
(minute to go...)

Buddy Holly

Amanda
Triple Stumper
    $300 8
Breakthrough

Angela
    $300 18
Bruce Lee

Ed
    $300 28
Walter Cronkite

Amanda
    $300 13
Every 10 years

Amanda
    $300 6
Beat movement

Angela
    $400 25
Dalai Lama

Angela
    $400 9
Hippopotamus

Triple Stumper
    $300 19
(Ed: What are the Cascades?)

the Olympic Mountains

Ed
    $400 29
Hurricane

Angela
    $400 14
Every 4 years

Ed
    $400 16
Scotland

Triple Stumper
    $500 26
Stalingrad

Ed
    $500 10
Preservation Hall

Triple Stumper
    $500 20
Century 21

Ed
    $500 30
(E: What is lie?)
(Amanda: What is sleeps?)

Blinks

AmandaEd
Triple Stumper
    $500 15
(Angela: What is every 5 years?)

Every 6 years

Angela
Triple Stumper
    $500 23
John Kenneth Galbraith

Amanda

Scores at the first commercial break (after clue 15):

Amanda Angela Ed
$800 $400 $600

Scores at the end of the Jeopardy! Round:

Amanda Angela Ed
$800 $1,500 $1,300

Double Jeopardy! Round responses

MICHELANGELO
AT THE MOVIES
ANCIENT MESOAMERICA
POETRY
SENIOR CITIZENS
(Alex: These are citizens who have "Senior" as part of their name.)
HOMOPHONIC PAIRS
    $200 12
Marble

Ed
    $200 1
The Wizard of Oz

Angela
    $200 6
Sun

Amanda
    $200 22
Casey (at the bat)

Angela
    $200 7
Ken Griffey, Sr.

Angela
    $200 16
Dahl's dolls

Amanda
    $400 13
Sonnets

Ed
    $400 2
Babe

Amanda
    $400 27
Mirrors

Ed
    $400 23
The Light Brigade

Angela
    $400 8
(E: Who is Martin Luther King Jr.?)

Martin Luther King, Sr.

AmandaEd
    $400 17
Taylor's tailors

Angela
    $700 14
"The Last Judgment"

Ed
    $600 3
Cher, Michelle Pfeiffer & Susan Sarandon

Ed
    $600 28
Jaguar

Ed
    $500 24
(Angela: What is "Acadia"?)
...
(Alex: Less than a minute to go.)

Evangeline

Angela
    $600 9
William F. Buckley, Sr.

Ed
    $600 18
Vain vane

Triple Stumper
    $800 15
David

Amanda
    $800 4
(Angela: What is "Rear Window?")

Rope

Angela
Triple Stumper
    $800 29
(buzzer sounds)

Chichen Itza

Triple Stumper
    $800 25
Fog

Angela
    $800 10
Robert Downey, Sr.

Angela
    $800 19
Who's hoos

Angela
    $1000 21
Buonarroti

Angela
    $1000 5
2010

Ed
    $1000 26
"The Death of the Hired Man"

Triple Stumper
    $1000 11
Efrem Zimbalist, Sr.

Angela
    $1000 20
Coarse course

Triple Stumper

Scores at the end of the Double Jeopardy! Round:

Amanda Angela Ed
$2,800 $6,000 $5,400

[wagering suggestions for these scores]

Final Jeopardy! Round responses

FINANCIERS
AmandaWho was Getty
$2,800
EdWho is T. Roosevelt
$601
AngelaWho is Morgan?
$5,000
J.P. Morgan

Final scores:

Amanda Angela Ed
$0 $11,000 $4,799
3rd place: Polaroid Photomax Digital Camera Creative Kit New champion: $11,000 2nd place: Sony Home Entertainment System featuring WebTV

Game dynamics:

Coryat scores:

Amanda Angela Ed
$2,800 $6,500 $5,600
11 R,
2 W
18 R,
3 W
(including 1 DD)
15 R
(including 1 DD),
3 W
(including 1 DD)

Combined Coryat: $14,900

[game clues] [game scores] [suggest correction]

Game tape date: 1999-11-17
The J! Archive is created by fans, for fans. Scraping, republication, monetization, and malicious use prohibited; this site may use cookies and collect identifying information. See terms. The Jeopardy! game show and all elements thereof, including but not limited to copyright and trademark thereto, are the property of Jeopardy Productions, Inc. and are protected under law. This website is not affiliated with, sponsored by, or operated by Jeopardy Productions, Inc. Join the discussion at JBoard.tv.